An introduction to modern economics

Saved in:
书目详细资料
主要作者: Robinson, Joan
其他作者: Eatwell, John
格式: 图书
出版: London : McGraw-Hill, c1973.
版:Revised edition.
主题:
标签: 添加标签
没有标签, 成为第一个标记此记录!

MARC

LEADER 00000nam a22000007a 4500
005 20251003152036.0
020 |a 070840466  |c TZS 3500/= 
040 |a MCCL  |b eng.  |e AACR 2nd rev.ed. 
082 |a 330 ROB 
100 |a Robinson, Joan 
245 |a An introduction to modern economics  |c / Joan Robinson, John Eatwell 
250 |a Revised edition. 
260 |a London :  |b McGraw-Hill,   |c c1973. 
300 |a  xvi, 350 p. :   |b ill. ;   |c 25 cm. 
504 |a Includes index 
546 |a eng. 
650 |a  Economics 
700 |a Eatwell, John  
942 |c BK 
999 |c 11765  |d 11765